| 000 | 00851cam a2200277 i 4500 | ||
|---|---|---|---|
| 001 | 17734572 | ||
| 005 | 20170105102349.0 | ||
| 008 | 130511s2013 ne a b 001 0 eng | ||
| 010 | _a 2012554037 | ||
| 020 | _a9780123944245 | ||
| 040 |
_aDLC _beng _cDLC _erda _dDLC |
||
| 042 | _apcc | ||
| 082 | 0 | 0 |
_a621.381 _223 |
| 100 | 1 | _aHarris, David Money. | |
| 245 | 1 | 0 |
_aDigital design and computer architecture _cDavid Money Harris, Sarah L. Harris. |
| 250 | _a2nd ed. | ||
| 260 |
_aNew York _bMK Publishers _c2013 |
||
| 300 |
_axxiv, 690 p. : _billustrations ; _c24 cm |
||
| 650 | 0 | _aDigital electronics. | |
| 650 | 0 | _aLogic design. | |
| 650 | 0 | _aComputer architecture. | |
| 700 | 1 | _aHarris, Sarah L. | |
| 906 |
_a7 _bcbc _corigcop _d2 _encip _f20 _gy-gencatlg |
||
| 942 |
_2ddc _cBK |
||
| 999 |
_c11855 _d11855 |
||